00541nam a2200229Ia 450000500170000000800460001702000180006303700100008104000080009104000080009904000080010704100080011504100080012308400080013110000220013924500370016126000220019826000220022026000090024265000120025185600480026320260121125400.0008 260114s9999 xx 000 0 eng d a9780824874841 aEBOOK aCRL beng cCRL 2eng aeng qCRL aHuffman, James L. 0aDown and out in Late Meiji Japan bWalter de Gruyter bWalter de Gruyter c2018 aHistory uhttp://www.degruyter.com/isbn/9780824874841